Možnosti využitia globálneho navigačného družicového systému Galileo

Gespeichert in:
Bibliographische Detailangaben
1. Verfasser: Ferianc, Martin (Verfasst von)
Weitere Verfasser: Gerhátová, Ľubomíra (Betreuung Doktorarbeit)
Format: Manuskript Buch
Sprache:Slowakisch
Veröffentlicht: 2017
Schlagworte:
Online-Zugang:http://is.stuba.sk/zp/portal_zp.pl?podrobnosti=125135
https://opac.crzp.sk/?fn=detailBiblioForm&sid=82D5162064037F62A09684F7A2EE
Tags: Tag hinzufügen
Keine Tags, Fügen Sie das erste Tag hinzu!

MARC

LEADER 00000ntm a22000003a 4500
001 stuzp63341
003 SK-STU
005 20230810102345.2
007 ta
008 150427s2015----xo-----f-mn---000-0-slo-d
040 |a STU  |b slo 
041 0 |a slo 
100 1 |a Ferianc, Martin  |u 010130  |4 aut  |U SvF Stavebná fakulta  |T SvF Katedra geodetických základov  |X 54805  |U V130  |Y 13  |7 54805 
242 0 1 |a Galileo Global Navigation Satellite System and his possibilities of use in geodetic applications  |y eng 
245 1 0 |a Možnosti využitia globálneho navigačného družicového systému Galileo 
260 |c 2017 
650 4 |a družicový systém Galileo  |2 slo 
650 4 |a ITMS  |2 slo 
650 4 |a určovanie polohy  |2 slo 
650 4 |a softvér Bernese  |2 slo 
650 4 |a Bernese software  |2 eng 
650 4 |a Galileo satellite system  |2 eng 
650 4 |a ITMS  |2 eng 
650 4 |a point positioning  |2 eng 
700 1 |a Gerhátová, Ľubomíra  |u 010130  |k Z1  |4 ths  |U SvF Stavebná fakulta  |T SvF Katedra geodetických základov  |X 941  |U V130  |Y 13  |7 A000000941 
856 4 |u http://is.stuba.sk/zp/portal_zp.pl?podrobnosti=125135 
856 4 |u https://opac.crzp.sk/?fn=detailBiblioForm&sid=82D5162064037F62A09684F7A2EE